| 000 | 00621cam a22002294a 4500 | ||
|---|---|---|---|
| 005 | 20250605164259.0 | ||
| 008 | 250528s ||||||||||||||||||||||||d | ||
| 035 | _a21992 | ||
| 020 | _a9780631192268 | ||
| 040 |
_aGR-AtMCL _bgre _dGR-AtMCL _eAACR2 |
||
| 245 | 1 | _aEUROPEAN LOGISTICS / Markets, Management and Strategy | |
| 250 | _a2 | ||
| 260 |
_bBlackwell Business, _c1994 |
||
| 300 | _a331 | ||
| 520 | _aDEMAND-SIDE LOGISTICS SUPPLY- SIDE LOGISTICS | ||
| 700 | 1 |
_aBrowne Michael _97867 |
|
| 700 | 1 |
_aCooper James _97868 |
|
| 700 | 1 |
_aPeters Melvin _97869 |
|
| 942 | _cBK | ||
| 999 |
_c7048 _d7048 |
||